Almanach de Bruxelles, annuaire généalogique, historique, héraldique des maisons souveraines, princières et ducales / (Record no. 2581)

MARC details
000 -LEADER
campo de control de longitud fija 00879nas a22002531i#4500
001 - NÚMERO DE CONTROL
campo de control 2581
003 - IDENTIFICADOR DE NÚMERO DE CONTROL
campo de control ES-MaACL
005 - FECHA Y HORA DE LA ÚLTIMA TRANSACCIÓN
campo de control 20250709054511.0
007 - CAMPO FIJO DE DESCRIPCIÓN FÍSICA--INFORMACIÓN GENERAL
campo de control de longitud fija t|
008 - DATOS DE LONGITUD FIJA--INFORMACIÓN GENERAL
campo de control de longitud fija 950801d19171917fr | | 1 ||re d
080 ## - NÚMERO DE LA CLASIFICACIÓN DECIMAL UNIVERSAL
Número de la Clasificación Decimal Universal (059)(44)
245 00 - MENCIÓN DEL TÍTULO
Título Almanach de Bruxelles, annuaire généalogique, historique, héraldique des maisons souveraines, princières et ducales /
Mención de responsabilidad, etc. présenté par Jean de Bonnefon pour prendre la place de l"Almanach de Gotha'qui est allemand.
260 ## - PUBLICACIÓN, DISTRIBUCIÓN, ETC.
Lugar de publicación, distribución, etc. Paris :
Nombre del editor, distribuidor, etc. Société d'éditions Mans,
Fecha de publicación, distribución, etc. [1917]
300 ## - DESCRIPCIÓN FÍSICA
Extensión 1 v. (XXIX-VIII-869 p.) :
Otras características físicas il ;
Dimensiones 16 cm.
310 ## - PERIODICIDAD ACTUAL
Periodicidad actual Anual
362 0# - FECHAS DE PUBLICACIÓN Y/O DESIGNACIÓN SECUENCIAL
Fecha de publicación y/o designación secuencial [19--]
650 #4 - PUNTO DE ACCESO ADICIONAL DE MATERIA--TÉRMINO DE MATERIA
Término de materia o nombre geográfico como elemento de entrada Heráldica-
Subdivisión geográfica Europa.
9 (RLIN) 157803
655 #0 - TERMINO DE INDIZACIÓN--GENERO/FORMA
Datos o término principal de género/forma Almanaques
9 (RLIN) 241262
700 1# - ENTRADA AGREGADA--NOMBRE PERSONAL
Nombre de persona Bonnefon, Jean de
Término indicativo de función/relación Autor de introducción
9 (RLIN) 30238
852 ## - LOCALIZACIÓN
Ubicación ES-MaACL
Ubicación en estantería Depósito 2
Número de control de estantería G-882
866 #1 - MENCIÓN TEXTUAL DE FONDOS--UNIDAD BIBLIOGRÁFICA BÁSICA
Fondos 1918.
942 ## - ELEMENTOS DE ENTRADA SECUNDARIOS (KOHA)
Fuente del sistema de clasificación o colocación Clasificación decimal universal
Tipo de ítem Koha Revista
Suprimir en OPAC No
Holdings
Estatus retirado Estado de pérdida Fuente del sistema de clasificación o colocación Estado de daño No para préstamo Colección Biblioteca de origen Biblioteca actual Ubicación en estantería Fecha de adquisición Total de préstamos Signatura topográfica completa Código de barras Visto por última vez Precio de reemplazo Tipo de ítem Koha
    Clasificación decimal universal     Periódicos y Revistas Biblioteca del Ateneo de Madrid Biblioteca del Ateneo de Madrid Depósito 2 17/01/2008   G-882 1002625 23/02/2023 23/02/2023 Revista